| 000 | 01472nam a22002657a 4500 | ||
|---|---|---|---|
| 001 | 5531 | ||
| 003 | FISKH | ||
| 005 | 20251204084535.0 | ||
| 008 | 241216b cb ||||| |||| 00| 0 eng d | ||
| 020 | _a9781848122949 | ||
| 040 |
_aFISKH _beng _cFISKH _dFISKH |
||
| 050 | _aPZ7 | ||
| 082 | _a800 | ||
| 100 | _aAlexander, T.M | ||
| 245 |
_aA thousand water bombs : _bFive friends have fun and adventures / _cT M Alexander |
||
| 260 |
_aLondon : _bPiccadilly, _c2010 |
||
| 300 |
_a246 pages : _billustrations ; _c20 cm |
||
| 505 | _aQ | ||
| 520 | _aTribe isn't a group of ordinary kids leading ordinary lives. It's a force to be reckoned with. The five Tribers have fun getting in and out of adventures. Meet them: Bee: I'm Bossy. Someone needs to be. Copper Pie: I'm the muscle. Mess with my mates and you've got me to deal with. Keener: I try and keep Copper Pie out of trouble. It's a fulltime job. Fifty: I'm determined to grow. I can't stay this small forever. Jonno: I'm a Triber. That's all you need to know. Tribe - it's too big to stay secret. AUTHOR: T.M. Alexander likes short words better than long ones and spinach more than celeriac. She writes in a study that no one knows exists, hidden behind a secret door masquerading as a bookcase. If the door ever gets stuck she will never be seen again. | ||
| 521 | 8 |
_a670
_bLexile |
|
| 521 | 8 |
_aQ
_bRaz-Plus |
|
| 650 |
_aChildren Fiction _vKbooks |
||
| 942 |
_2ddc _cBK _n0 |
||
| 999 |
_c5531 _d5531 |
||